Score 0/24 Timer 03:00
0 Plays Today
Movie Missing Word % Correct
The ____ Wears PradaDevil
96.4%
____ Mia!Mamma
88.8%
Julie & ____Julia
84.8%
The Bridges of Madison ____County
79.8%
A.I. ____ IntelligenceArtificial
79.7%
Sophie's ____Choice
79.2%
The Manchurian ____Candidate
76.1%
____ and AfterBefore
75.6%
Death ____ HerBecomes
74.9%
Mary ____ ReturnsPoppins
74.6%
The ____ HunterDeer
71.2%
The ____ LadyIron
69.9%
Movie Missing Word % Correct
Out of ____Africa
63.9%
____ Mr. FoxFantastic
60.1%
Into the ____Woods
49.1%
The ____ Lieutenant's WomanFrench
47.7%
____ SpringsHope
43.9%
Florence ____ JenkinsFoster
41.9%
____: Osage CountyAugust
39.6%
____ from the EdgePostcards
36.1%
____ for LambsLions
33.5%
Ricki and the ____Flash
32.7%
One ____ ThingTrue
29.5%
The Ant ____Bully
24%

Today's Daily Dose

Missing Word
The Unexplained

Quick Pick
Sunday Things

Get the Picture
Beat It or Eat It?

You're not logged in!

Compare scores with friends on all Sporcle quizzes.
OR
Log In

Sporcle TV

Today on Sporcle TV


Watch our educational content, quiz creation guides, and fun videos on Sporcle TV.

Show Comments

Extras

Top Quizzes Today


Score Distribution

Paid Content

Your Account Isn't Verified!

In order to create a playlist on Sporcle, you need to verify the email address you used during registration. Go to your Sporcle Settings to finish the process.

Report this User

Report this user for behavior that violates our Community Guidelines.

Details: